Online
Catalog

Las deudas del pecado / (Record no. 2957)

MARC details
000 -CABECERA
campo de control de longitud fija 00619cam a2200181 a 4500
001 - NÚMERO DE CONTROL
campo de control 000003126
005 - FECHA Y HORA DE LA ÚLTIMA TRANSACCIÓN
campo de control 20200929150334.0
008 - DATOS DE LONGITUD FIJA--INFORMACIÓN GENERAL
campo de control de longitud fija 840209s1993 ag 000 0 spa
040 ## - FUENTE DE LA CATALOGACIÓN
Centro catalogador/agencia de origen DO-SdBNP
Lengua de catalogación spa
Centro/agencia transcriptor BNPHU
082 ## - NÚMERO DE LA CLASIFICACIÓN DECIMAL DEWEY
Número de clasificación xxx
Número de documento/Ítem xxx
100 1# - ENTRADA PRINCIPAL--NOMBRE DE PERSONA
Nombre de persona Greeley, Andrew M.
9 (RLIN) 9852
240 #0 - TÍTULO UNIFORME
Título uniforme Wages of sin
Lenguaje de la obra Español
245 14 - MENCIÓN DE TÍTULO
Título Las deudas del pecado /
Mención de responsabilidad, etc. Andrew M. Greeley ; traductor Graciela Jáuregui.
260 ## - PUBLICACIÓN, DISTRIBUCIÓN, ETC.
Lugar de publicación, distribución, etc. Argentina :
Nombre del editor, distribuidor, etc. Javier Vergara Editor,
Fecha de publicación, distribución, etc. 1993.
300 ## - DESCRIPCIÓN FÍSICA
Extensión 281 p. ;
Dimensiones 24 cm.
500 ## - NOTA GENERAL
Nota general Incluye datos biográficos del autor en la solapa de la contracubierta
700 1# - PUNTO DE ACCESO ADICIONAL--NOMBRE DE PERSONA
Nombre de persona Jáuregui, Graciela,
Término indicativo de función/relación trad.
9 (RLIN) 9853
Holdings
Estado de retiro Estado de pérdida Restricciones de uso No para préstamo Código de colección Localización permanente Ubicación/localización actual Ubicación en estantería Fecha de adquisición Número de inventario Total de préstamos Signatura topográfica completa Código de barras Fecha visto por última vez Precio válido a partir de Tipo de ítem Koha
        Monografías: Libros y Folletos General General En catalogación 06.07.2009 LF1   xxx xxx 3126-10 25.06.2020 25.06.2020 Préstamo en sala

Powered by Koha